GRADED PROBLEMS FOR ELECTRICAL ENGINEERS (Record no. 584352)

000 -LEADER
fixed length control field 00271nam a22001097a 4500
082 ## - DEWEY DECIMAL CLASSIFICATION NUMBER
Classification number 621.3 HIN'G
100 ## - MAIN ENTRY--PERSONAL NAME
Personal name HINDE, D. W,SMITH, K. M
9 (RLIN) 79303
245 ## - TITLE STATEMENT
Title GRADED PROBLEMS FOR ELECTRICAL ENGINEERS
260 ## - PUBLICATION, DISTRIBUTION, ETC.
Place of publication, distribution, etc. LONDON
Name of publisher, distributor, etc. TEMPLE
Date of publication, distribution, etc. 1965
300 ## - PHYSICAL DESCRIPTION
Extent 275P
942 ## - ADDED ENTRY ELEMENTS (KOHA)
Koha item type Book
Source of classification or shelving scheme
Holdings
Withdrawn status Lost status Source of classification or shelving scheme Damaged status Not for loan Permanent Location Current Location Shelving location Date acquired Full call number Barcode Date last seen Price effective from Koha item type
      Damaged   College of Electrical & Mechanical Engineering (CEME) College of Electrical & Mechanical Engineering (CEME) General Stacks 07/03/2017 621.3 HIN'G CEME-6849 06/28/2021 06/28/2021 Book
© 2023 Central Library, National University of Sciences and Technology. All Rights Reserved.